| 000 | 01455nam a2200373 a 4500 | ||
|---|---|---|---|
| 001 | ebr10422492 | ||
| 003 | CaPaEBR | ||
| 006 | m u | ||
| 007 | cr cn||||||||| | ||
| 008 | 091113s2010 si a sb 000 0 eng | ||
| 010 | _z 2009045137 | ||
| 020 | _z9789814277617 (alk. paper) | ||
| 020 | _z9814277614 (alk. paper) | ||
| 020 | _z9789814304672 (pbk. : alk. paper) | ||
| 020 | _z9814304670 (pbk. : alk. paper) | ||
| 040 |
_aCaPaEBR _cCaPaEBR |
||
| 035 | _a(OCoLC)671654981 | ||
| 043 |
_ae-fr--- _ae-sz--- |
||
| 050 | 1 | 4 |
_aQC787.P73 _bA8 2010eb |
| 082 | 0 | 4 |
_a539.7/7 _222 |
| 245 | 0 | 0 |
_aAt the leading edge _h[electronic resource] : _bthe ATLAS and CMS LHC experiments / _ceditor, Dan Green. |
| 260 |
_aSingapore ; _aHackensack, NJ : _bWorld Scientific, _cc2010. |
||
| 300 |
_aviii, 436 p. : _bill. (some col.). |
||
| 504 | _aIncludes bibliographical references. | ||
| 533 |
_aElectronic reproduction. _bPalo Alto, Calif. : _cebrary, _d2013. _nAvailable via World Wide Web. _nAccess may be limited to ebrary affiliated libraries. |
||
| 650 | 0 | _aLarge Hadron Collider (France and Switzerland) | |
| 650 | 0 | _aNuclear counters. | |
| 650 | 0 | _aSymmetry (Physics) | |
| 650 | 0 | _aParticles (Nuclear physics) | |
| 655 | 7 |
_aElectronic books. _2local |
|
| 700 | 1 | _aGreen, Dan. | |
| 710 | 2 | _aebrary, Inc. | |
| 856 | 4 | 0 |
_uhttp://site.ebrary.com/lib/rucke/Doc?id=10422492 _zAn electronic book accessible through the World Wide Web; click to view |
| 999 |
_c238106 _d238106 |
||